000 00461nam a2200157Ia 4500
008 230312s9999||||xx |||||||||||||| ||und||
020 _a81-317-1125-0
082 _a621.3824
_bFUS-F
100 _aFusco,Vincent.F
245 0 _aFoundations of Antenna Theory and Techniques
260 _bPearsons Education
_aIndia
_c2007
300 _a246
546 _aEng.
650 _aEngineering
_vBasic Concepts,Electromagnetic Wave Propagation and Power Flow
942 _cBK
999 _c1379
_d1379